000 02074nam0a2200397 4500
001 RU\NLR\bibl\1857169
005 20250616181324.0
010 _a978-5-9275-0727-6
_9100
021 _aRU
_b2011-101286
_97252
035 _a(NLR Aleph) 001847093
090 _a2351019
_c2351019
100 _a20120117d2010 |||y0rusy50 ca
101 0 _arus
102 _aRU
105 _aa |||||||||
135 _acrmn mmmancda
200 1 _aБифуркация рождения цикла в динамических системах с симметрией и ее приложения в гидродинамике
_fИ.В. Моршнева
_gМ-во образования и науки Рос. Федерации, Федер. гос. автоном. образоват. учреждение высш. проф. образования "Юж. федер. ун-т", Фак. математики, механики и компьютер. наук
210 _aРостов-на-Дону
_cИзд-во Южного федерального университета
_d2010
215 _a138 с.
_cил.
_d21
320 _aБиблиогр.: с. 131-138 (92 назв.)
325 _aКопия доступна в Электрон. б-ке РНБ
606 1 _aДинамические системы
_xБуфуркации
_9985036
_3RU\NLR\auth\66371343
606 1 _aГидродинамика
_9902887
_3RU\NLR\auth\668506
686 _aВ161.618
686 _aВ253.31
700 1 _aМоршнева
_bИ. В.
_gИрина Викторовна
_4070
801 0 _aRU
_bNLR
_c20120117
_gRCR
801 1 _aRU
_bNLR
_c20120117
830 _aавт. по кн.
942 _cBOOK
980 _aNB
981 1 3 _a(13) Документы, защищенные авторским правом
_b(13) Современная научная, научно-популярная и популярная л